000 00331nam a22001217a 4500
082 _a030
_bBURIN-13
100 _aBURTON,MAURICE
100 _aBURTON,ROBERT
245 _aTHE NEW FUNK &WAGNALLS ILLUSTRATED WILDLIFE ENCYCLOPEDIA:VOL 13 LEA-MAN
260 _aAMERICA
_bBPC PUBLISHING
650 _aENCYCLOPEDIA
_zAMERICA
942 _cBK
999 _c1966
_d1966